Μελέτη μεθοδολογιών δικτυακής επικοινωνίας αρθρωμάτων λογισμικού : [διδακτορική διατριβή]

Αποθηκεύτηκε σε:
Λεπτομέρειες βιβλιογραφικής εγγραφής
Κύριος συγγραφέας: Ράπτης, Κωνσταντίνος
Μορφή: Thesis Βιβλίο
Γλώσσα:Greek
Δημοσίευση: 2002.
Ετικέτες: Προσθήκη ετικέτας
Δεν υπάρχουν, Καταχωρήστε ετικέτα πρώτοι!

MARC

LEADER 00000cam a2200000 i 4500
001 1/27712
008 020926s2002 gr | ||| |||| ||gre||
035 |l 10068485 
040 |a GR-MyUa  |b gre  |e AACR2 
041 0 |a gre 
100 1 |a Ράπτης, Κωνσταντίνος. 
245 1 0 |a Μελέτη μεθοδολογιών δικτυακής επικοινωνίας αρθρωμάτων λογισμικού :   |b [διδακτορική διατριβή] /   |c Κωνσταντίνος Ράπτης ; επιβλέπων καθηγητής Σωκράτης Κάτσικας. 
260 |c 2002. 
300 |a 178 σ. ;   |c 30 εκ. +   |e 1 οπτική δισκέτα λέιζερ Η/Υ (4 3/4 ιν.).  
500 |a Μέλη συμβουλευτικής επιτροπής: Κάτσικας Σωκράτης, Σπινέλλης Διομήδης, Χριστοδουλάκης Δημήτριος. 
502 |a Διατριβή (διδακτορική) - Πανεπιστήμιο Αιγαίου, Σάμος, 2002. 
504 |a Περιέχει βιβλιογραφία. 
700 1 |a Κάτσικας, Σωκράτης,  |e dgs 
852 |a INST  |b SAMOS  |c DIATR  |e 20020926  |h 000 ΡΑΠ  |p 005300024470  |q 005300024470  |t PHD  |y 23 
852 |a INST  |b SAMOS  |c DIATR  |e 20020926  |h 000 ΡΑΠ  |p 005300024472  |q 005300024472  |t PHD  |y 23 
852 |a INST  |b SAMOS  |c DIATR  |e 20020926  |h 000 ΡΑΠ   |p 005300024473  |q 005300024473  |t PHD  |y 23 
901 |a BIBL3-2002-3 
909 |a Σ  |b 087645 
909 |a Σ  |b 087644 
909 |a Σ  |b 087646 
924 |a Ράπτης  |b Κωνσταντίνος  |y Σάμος  |z 2002-09 
970 |a ΠΟΥΡΝΑΡΑΣ  |b ΔΗΜΗΤΡΗΣ  |z 2002/09/26